Interfaz entre una PC y un controlador basado en 8051 y DSP
Gardado en:
| Autor Principal: | |
|---|---|
| Formato: | Libro |
| Publicado: |
San José, C.R.
1998
|
| Materias: | |
| Etiquetas: |
Engadir etiqueta
Sen Etiquetas, Sexa o primeiro en etiquetar este rexistro!
|
MARC
| LEADER | 00000nam a2200000Ia 4500 | ||
|---|---|---|---|
| 003 | 008488 | ||
| 005 | 20221231144223.0 | ||
| 008 | 140114s1998 cr a m 000 ||s d | ||
| 040 | |c cru CEDI | ||
| 090 | |a TFG 3858 | ||
| 100 | |a Solís Chacón, Olman |9 6916 | ||
| 245 | |a Interfaz entre una PC y un controlador basado en 8051 y DSP | ||
| 260 | |c 1998 |a San José, C.R. | ||
| 300 | |a ix, 50 hojas | ||
| 500 | |a Proyecto de graduación (bachillerato en ingeniería eléctrica)--Universidad de Costa Rica. Facultad de Ingeniería. Escuela de Ingeniería Eléctrica | ||
| 650 | |x CIRCUITOS DE INTERFAZ |x INTERFASES CON EL USUARIO (SISTEMA PARA COMPUTADORA) |x REGULADORES ELECTRICOS |9 9016 | ||
| 942 | |c TFG | ||
| 999 | |c 18633 |d 18633 | ||
